000 00288nam a2200121Ia 4500
008 221030s9999 xx 000 0 und d
041 _aEnglish
100 _aS. M. Sze
245 0 _aSemiconductor Devices (Physics & Technology)
_cby S. M. Sze
260 _c0
650 _aB
942 _cBK
999 _c14084
_d14084